[Event "San Sebastian Reyes op"]
[Site "San Sebastian de los Reyes"]
[Date "2020.12.10"]
[Round "6"]
[White "Lopez Ibarra Perdones, Miguel"]
[Black "Diaz Guzman, David"]
[Result "0-1"]
[WhiteElo "1173"]
[BlackElo "1196"]
[PlyCount "116"]
[EventDate "2020.12.05"]
[EventType "swiss"]
[EventRounds "9"]
[EventCountry "ESP"]
[SourceTitle "EXT 2022"]
[Source "ChessBase"]
[SourceDate "2021.10.06"]
[SourceVersion "1"]
[SourceVersionDate "2021.10.06"]
[SourceQuality "1"]

1. c4 e5 2. Nc3 Nc6 3. g3 Nf6 4. Bg2 Bc5 5. e3 0-0 6. Nge2 d6 7. 0-0 Bf5 8. d4 Bb6 9. b3 Rb8 10. Bb2 Re8 11. Nd5 Kh8 12. Nxb6 axb6 13. Qd2 Ne4 14. Bxe4 Bxe4 15. f3 Bg6 16. d5 Na7 17. f4 f6 18. Rf2 c6 19. Nc3 exf4 20. exf4 c5 21. Re2 Qd7 22. Rae1 b5 23. Rxe8+ Rxe8 24. Rxe8+ Qxe8 25. Qe2 Qxe2 26. Nxe2 bxc4 27. bxc4 b5 28. cxb5 Nxb5 29. a4 Nc7 30. Nc3 Bf7 31. Ba3 Nxd5 32. Nxd5 Bxd5 33. Kf2 Bc6 34. a5 Bb5 35. Ke3 Bc6 36. Kd3 Kg8 37. Kc4 Kf7 38. a6 Ke7 39. Bxc5 dxc5 40. Kxc5 Bh1 41. Kb6 Ke6 42. a7 Kf5 43. Kc7 Kg4 44. Kb8 Kh3 45. a8Q Bxa8 46. Kxa8 Kxh2 47. Kb7 Kxg3 48. f5 Kg4 49. Kc6 Kxf5 50. Kd5 h5 51. Kd4 Kf4 52. Kd3 Kf3 53. Kd2 Kf2 54. Kd3 h4 55. Ke4 h3 56. Kf4 h2 57. Kg4 h1Q 58. Kf4 Qf3# 0-1

[Event "San Sebastian Reyes op"]
[Site "San Sebastian de los Reyes"]
[Date "2020.12.06"]
[Round "2"]
[White "Solanilla Olcese, Alejandro"]
[Black "Diaz Guzman, David"]
[Result "0-1"]
[WhiteElo "1001"]
[BlackElo "1196"]
[PlyCount "82"]
[EventDate "2020.12.05"]
[EventType "swiss"]
[EventRounds "9"]
[EventCountry "ESP"]
[SourceTitle "EXT 2022"]
[Source "ChessBase"]
[SourceDate "2021.10.06"]
[SourceVersion "1"]
[SourceVersionDate "2021.10.06"]
[SourceQuality "1"]

1. e4 e5 2. Nf3 Nc6 3. Bc4 Nf6 4. Ng5 d5 5. exd5 b5 6. Bxb5 Qxd5 7. Bxc6+ Qxc6 8. f3 h6 9. Nh3 Bxh3 10. gxh3 Bc5 11. d3 0-0 12. Nc3 Rad8 13. Qe2 Rfe8 14. Be3 Bd4 15. Nd1 Nh7 16. Qg2 Bxe3 17. Nxe3 Ng5 18. 0-0 Qb6 19. Rfe1 Qxb2 20. Nc4 Qd4+ 21. Kf1 Qf4 22. Qg4 Qxf3+ 23. Qxf3 Nxf3 24. Re2 f6 25. Kg2 Nd4 26. Rf2 Ne6 27. Na5 Rd6 28. Rb1 Rb6 29. Rxb6 axb6 30. Nc6 Ra8 31. c3 Ra3 32. Rc2 Nf4+ 33. Kf3 Nxd3 34. Rd2 Rxc3 35. Ke4 Rxc6 36. Rxd3 Rc2 37. Rd7 Rc4+ 38. Kd5 Rd4+ 39. Kc6 Rxd7 40. Kxd7 e4 41. Ke6 e3 0-1

[Event "San Sebastian Reyes op"]
[Site "San Sebastian de los Reyes"]
[Date "2020.12.05"]
[Round "1"]
[White "Diaz Guzman, David"]
[Black "Vega De Alba, Miguel"]
[Result "0-1"]
[WhiteElo "1196"]
[BlackElo "1752"]
[PlyCount "54"]
[EventDate "2020.12.05"]
[EventType "swiss"]
[EventRounds "9"]
[EventCountry "ESP"]
[SourceTitle "EXT 2022"]
[Source "ChessBase"]
[SourceDate "2021.10.06"]
[SourceVersion "1"]
[SourceVersionDate "2021.10.06"]
[SourceQuality "1"]

1. e4 c5 2. Nf3 d6 3. d4 cxd4 4. Nxd4 Nf6 5. Nc3 g6 6. Be2 Bg7 7. Be3 0-0 8. Qd2 Nc6 9. f3 Be6 10. 0-0-0 Rc8 11. g4 Ne5 12. Nxe6 fxe6 13. h4 Qa5 14. a3 Nc4 15. Bxc4 Rxc4 16. Qe2 Rfc8 17. Rd4 Rxc3 18. bxc3 Qxa3+ 19. Kd1 Rxc3 20. Qd2 Qa1+ 21. Qc1 Qa6 22. Rh2 Qf1+ 23. Kd2 Qxf3 24. Rf2 Nxe4+ 25. Ke1 Nxf2 26. Rf4 Nd3+ 27. Kd2 Qxf4 0-1

[Event "San Sebastian de los Reyes op U2200 2nd"]
[Site "San Sebastian de los Reyes"]
[Date "2019.05.12"]
[Round "2"]
[White "Diaz Guzman, David"]
[Black "Luque Sanz, Victor"]
[Result "1-0"]
[WhiteElo "1144"]
[BlackElo "1172"]
[PlyCount "51"]
[EventDate "2019.05.11"]
[EventType "swiss"]
[EventRounds "6"]
[EventCountry "ESP"]
[SourceTitle "EXT 2024"]
[Source "ChessBase"]
[SourceDate "2023.10.10"]
[SourceVersion "1"]
[SourceVersionDate "2023.10.10"]
[SourceQuality "1"]

1. e4 e5 2. Nf3 Nc6 3. Bc4 Nf6 4. Ng5 d5 5. exd5 Na5 6. Be2 Qxd5 7. 0-0 h6 8. Nf3 e4 9. Ne1 Bd6 10. d3 Qe5 11. g3 exd3 12. Nxd3 Qd5 13. Nc3 Qc6 14. Nf4 Bxf4 15. Bb5 Bxc1 16. Bxc6+ Nxc6 17. Rxc1 0-0 18. Nb5 Rd8 19. Qf3 Nd4 20. Nxd4 Rxd4 21. Qc3 Rd7 22. Rcd1 Rxd1 23. Rxd1 Be6 24. Qxc7 Bxa2 25. Qxb7 Re8 26. Qxa7 1-0

[Event "San Sebastian de los Reyes op 20th"]
[Site "San Sebastian"]
[Date "2018.12.08"]
[Round "8"]
[White "Diaz Guzman, David"]
[Black "Ruiz Grau, David"]
[Result "0-1"]
[WhiteElo "1126"]
[BlackElo "1289"]
[PlyCount "68"]
[EventDate "2018.12.01"]
[EventType "swiss"]
[EventRounds "9"]
[EventCountry "ESP"]
[SourceTitle "CBM 187 Extra"]
[Source "ChessBase"]
[SourceDate "2018.11.04"]
[SourceVersion "1"]
[SourceVersionDate "2018.11.04"]
[SourceQuality "1"]

1. e4 c6 2. d4 d5 3. Nc3 dxe4 4. Nxe4 Nd7 5. Nf3 Ngf6 6. Nc3 e6 7. Bc4 Nb6 8. Bb3 Be7 9. 0-0 0-0 10. Ne5 Nbd5 11. Bxd5 exd5 12. h3 Be6 13. f4 Nd7 14. f5 Nxe5 15. dxe5 Bc5+ 16. Kh1 Bd7 17. a3 Qh4 18. Rf4 Qe7 19. Qe2 Rae8 20. b4 Bb6 21. Bb2 Qxe5 22. Qxe5 Rxe5 23. f6 g6 24. Na4 Re2 25. c4 Bc7 26. Rd4 Rfe8 27. Bc3 Rf2 28. Rdd1 Ree2 29. cxd5 Rxg2 30. dxc6 Rh2+ 31. Kg1 Reg2+ 32. Kf1 Bc8 33. Re1 Be6 34. cxb7 Bc4+ 0-1

[Event "San Sebastian de los Reyes op 20th"]
[Site "San Sebastian"]
[Date "2018.12.05"]
[Round "5"]
[White "Diaz Guzman, David"]
[Black "Munoz Gonzalez, Martin"]
[Result "0-1"]
[WhiteElo "1126"]
[BlackElo "1414"]
[PlyCount "76"]
[EventDate "2018.12.01"]
[EventType "swiss"]
[EventRounds "9"]
[EventCountry "ESP"]
[SourceTitle "CBM 187 Extra"]
[Source "ChessBase"]
[SourceDate "2018.11.04"]
[SourceVersion "1"]
[SourceVersionDate "2018.11.04"]
[SourceQuality "1"]

1. e4 Nf6 2. e5 Nd5 3. c4 Nf4 4. d4 Ng6 5. Nf3 d6 6. exd6 Qxd6 7. Nc3 Bg4 8. Be2 Nc6 9. d5 Nce5 10. Nxe5 Qxe5 11. f3 Bf5 12. Nb5 a6 13. Nd4 e6 14. g4 Bb4+ 15. Kf1 0-0 16. gxf5 exf5 17. a3 Bd6 18. Qd3 Ne7 19. b4 c6 20. c5 Bxc5 21. bxc5 Qxd5 22. Qc4 Qe5 23. Bg5 Nd5 24. Re1 h6 25. Bh4 Ne3+ 26. Kf2 Nxc4 27. Nc2 Qxc5+ 28. Kg2 Nxa3 29. Nxa3 Qxa3 30. Bc4 Qb2+ 31. Re2 Qc3 32. Ba2 Rfe8 33. Rhe1 Rxe2+ 34. Rxe2 Kf8 35. Be1 Qa1 36. Kf1 Re8 37. Rxe8+ Kxe8 38. Bc4 b5 0-1